Thermoluminescence of carbonate rocks in West Malaysia and its variation in the neighbourhood of primary ore deposits /
Saved in:
| Main Author: | |
|---|---|
| Format: | Thesis Book |
| Language: | English |
| Published: |
1971.
|
| Subjects: | |
| Tags: |
Add Tag
No Tags, Be the first to tag this record!
|
| LEADER | 01035cam a2200277 a 4500 | ||
|---|---|---|---|
| 001 | u142019 | ||
| 003 | SIRSI | ||
| 008 | 920217s1971 my a b bt 00 1 eng m | ||
| 035 | |a AAQ-4628 | ||
| 040 | |a UMM | ||
| 043 | |a a-my--- | ||
| 090 | |a QE389.61 |b Kho | ||
| 091 | |a Microfiche 478 | ||
| 100 | 1 | 0 | |a Khoo, Teng Tiong. |
| 245 | 1 | 0 | |a Thermoluminescence of carbonate rocks in West Malaysia and its variation in the neighbourhood of primary ore deposits / |c Khoo Teng Tiong. |
| 260 | |c 1971. | ||
| 300 | |a xvii, 276 leaves : |b ill., maps (in pocket) ; |c 29 cm. | ||
| 500 | |a Mimeographed. | ||
| 500 | |a Microfiche (negative). Kuala Lumpur : University of Malaya Library, 1973. 6 fiches ; 11 x 15 cm. | ||
| 502 | |a Dissertation (M.Sc.) -- Fakulti Sains, Universiti Malaya, 1971. | ||
| 504 | |a Bibliography: leaves 271-276. | ||
| 650 | 0 | |a Rocks, Carbonate. | |
| 650 | 0 | |a Thermoluminescence. | |
| 948 | |a 18/02/1992 |b 18/06/2002 | ||
| 596 | |a 1 | ||
| 999 | |a QE389.61 KHO |w LC |c 1 |i A504253249 |d 6/4/2009 |e 6/4/2009 |l STACKS |m P01UTAMA |n 2 |r Y |s Y |t TESIS |u 10/3/1992 | ||
